The Leonard Bernstein Letters (Record no. 15843)

MARC details
000 -LEADER
fixed length control field 00709nam a22001937a 4500
008 - FIXED-LENGTH DATA ELEMENTS--GENERAL INFORMATION
fixed length control field 160318b xxu||||| |||| 00| 0 eng d
020 ## - INTERNATIONAL STANDARD BOOK NUMBER
International Standard Book Number 0300205442
040 ## - CATALOGING SOURCE
Original cataloging agency KABU
Transcribing agency KABU
050 ## - LIBRARY OF CONGRESS CALL NUMBER
Classification number ML410
Item number .B47 2013
245 ## - TITLE STATEMENT
Title The Leonard Bernstein Letters
Statement of responsibility, etc. edited by Nigel Simeone
260 ## - PUBLICATION, DISTRIBUTION, ETC. (IMPRINT)
Place of publication, distribution, etc. New Haven
Name of publisher, distributor, etc. university press publication
Date of publication, distribution, etc. 2013
300 ## - PHYSICAL DESCRIPTION
Extent xviii, 606p.
600 ## - SUBJECT ADDED ENTRY--PERSONAL NAME
Personal name Bernstein, leonard
Dates associated with a name 1918-1990
Form subdivision correspondence
650 ## - SUBJECT ADDED ENTRY--TOPICAL TERM
Topical term or geographic name as entry element Musicians
Form subdivision correspondences
Geographic subdivision United States
650 ## - SUBJECT ADDED ENTRY--TOPICAL TERM
Topical term or geographic name as entry element Conductors (Music)
Form subdivision correspondences
Geographic subdivision United States
650 ## - SUBJECT ADDED ENTRY--TOPICAL TERM
Topical term or geographic name as entry element conductors
General subdivision united states correspondences
700 ## - ADDED ENTRY--PERSONAL NAME
Personal name Simeone, Nigel
942 ## - ADDED ENTRY ELEMENTS (KOHA)
Source of classification or shelving scheme Library of Congress Classification
Koha item type General Collection
Classification part ML410 .B47 2013 C.1
Holdings
Withdrawn status Lost status Source of classification or shelving scheme Not for loan Home library Current library Shelving location Date acquired Cost, normal purchase price Total Checkouts Full call number Barcode Date last seen Date last checked out Copy number Price effective from Koha item type
    Library of Congress Classification   Kabarak, Main Campus Kabarak, Main Campus General Stacks 18/03/2016 3304.00 2 ML410 .B47 2013 C.1 026453 03/08/2022 02/08/2022 C.1 18/03/2016 General Collection
Designed with assistance from East African Informatics Ltd